Southville International School and Colleges
Your cart is empty.
  • Cart
  • Lists
    Public lists Eva Luna New books Lux_list list_1
    Your lists Log in to create your own lists
  • Log in to your account
  • Your cookies
  • Search history
Southville International School and Colleges
  • Advanced search
  • Recent comments
  • Most popular
  • Libraries

Log in to your account

Log in with GOOGLE


If you do not have an external account, but do have a local account, you can still log in:

  1. Home
  2. MARC view: Don't miss your kids :
Normal view MARC view ISBD view

Don't miss your kids : (Record no. 6895)

[ view plain ]
MARC details
000 -LEADER
fixed length control field 01071pam a2200325 a 4500
001 - CONTROL NUMBER
control field 2943132
003 - CONTROL NUMBER IDENTIFIER
control field OSt
005 - DATE AND TIME OF LATEST TRANSACTION
control field 20140310181919.0
008 - FIXED-LENGTH DATA ELEMENTS--GENERAL INFORMATION
fixed length control field 901219s1991 ilu 000 0deng
010 ## - LIBRARY OF CONGRESS CONTROL NUMBER
LC control number 90027667
020 ## - INTERNATIONAL STANDARD BOOK NUMBER
International Standard Book Number 0830813314
040 ## - CATALOGING SOURCE
Original cataloging agency DLC
Transcribing agency DLC
Modifying agency DLC
043 ## - GEOGRAPHIC AREA CODE
Geographic area code n-us---
050 00 - LIBRARY OF CONGRESS CALL NUMBER
Classification number BV 4529
Item number .B38 1991
082 00 - DEWEY DECIMAL CLASSIFICATION NUMBER
Classification number TR 649.7
Item number B32 1991
100 1# - MAIN ENTRY--PERSONAL NAME
Personal name Baumbich, Charlene Ann,
Dates associated with a name 1945-
9 (RLIN) 1402
245 10 - TITLE STATEMENT
Title Don't miss your kids :
Remainder of title (they'll be gone before you know it) /
Statement of responsibility, etc Charlene Ann Baumbich.
260 ## - PUBLICATION, DISTRIBUTION, ETC. (IMPRINT)
Place of publication, distribution, etc Downers Grove, Ill. :
Name of publisher, distributor, etc InterVarsity Press,
Date of publication, distribution, etc c1991.
300 ## - PHYSICAL DESCRIPTION
Extent 185 p. ;
Dimensions 22 cm.
500 ## - GENERAL NOTE
General note "Saltshaker books"--Jacket.
521 ## - TARGET AUDIENCE NOTE
Target audience note
541 ## - IMMEDIATE SOURCE OF ACQUISITION NOTE
-- 1
562 ## - COPY AND VERSION IDENTIFICATION NOTE
Number of copies 1
600 10 - SUBJECT ADDED ENTRY--PERSONAL NAME
Personal name Baumbich, Charlene Ann,
Dates associated with a name 1945-
9 (RLIN) 1403
650 #0 - SUBJECT ADDED ENTRY--TOPICAL TERM
Topical term or geographic name as entry element Parenting
General subdivision Religious aspects
-- Christianity.
9 (RLIN) 1404
650 #0 - SUBJECT ADDED ENTRY--TOPICAL TERM
Topical term or geographic name as entry element Parents
Geographic subdivision United States.
9 (RLIN) 1405
906 ## - LOCAL DATA ELEMENT F, LDF (RLIN)
a 7
b cbc
c orignew
d 1
e ocip
f 19
g y-gencatlg
942 ## - ADDED ENTRY ELEMENTS (KOHA)
Source of classification or shelving scheme Library of Congress Classification
Koha item type
Call number prefix

No items available.

Don't miss your kids :

APA

Baumbich C. A., . (1991). Don't miss your kids. Downers Grove, Ill: InterVarsity Press.

Chicago

Baumbich Charlene Ann, . 1991. Don't miss your kids. Downers Grove, Ill: InterVarsity Press.

Harvard

Baumbich C. A., . (1991). Don't miss your kids. Downers Grove, Ill: InterVarsity Press.

MLA

Baumbich Charlene Ann, . Don't miss your kids. Downers Grove, Ill: InterVarsity Press. 1991.

  • Print
  • Cite
  • Add to your cart (remove)
  • Save record
    BIBTEX Dublin Core MARCXML MARC (non-Unicode/MARC-8) MARC (Unicode/UTF-8) MARC (Unicode/UTF-8, Standard) MODS (XML) RIS
  • More searches
    Search for this title in:
    Other Libraries (WorldCat) Other Databases (Google Scholar) Online Stores (Bookfinder.com) Open Library (openlibrary.org)

Exporting to Dublin Core...

SOUTHVILLE LIBRARY

Southville International School and Colleges Library

1281 Tropical Ave. Cor. Luxembourg St., BF Homes International, Las Pinas City

Tel. No. 8256374 / 252358 Loc. 117/146

Powered by Koha